000 00256nam a2200109 a 4500
008 090930s1973|||| d
100 1 _aAubryová, C.
245 1 0 _aSebastián medzi ľudmi
260 _bPravda
_aBratislava
_c1973
041 _aslo
044 _axo
_cSK
999 _c30
_d30